| 000 | 01212nam a22002657a 4500 | ||
|---|---|---|---|
| 005 | 20210325175815.0 | ||
| 008 | s2534 th tha d | ||
| 020 | _a9747770784 | ||
| 041 | _atha | ||
| 050 | _aDS578.3 ส691ป 2534 | ||
| 245 | 1 | 0 | _aประกาศเกียรติคุณบุคคลดีเด่นของชาติ เล่ม 4 |
| 260 | 3 |
_aกรุงเทพฯ : _bสำนักงานเสริมสร้างเอกลักษณ์ของชาติ สำนักเลขาธิการนายกรัฐมนตรี, _c2534 |
|
| 300 |
_a87 หน้า : _b ภาพประกอบ ; _c 26 ซม. |
||
| 650 | 0 | 4 | _aทวี บูรณเขตต์, 2475-- |
| 650 | 0 | 4 | _aบุคคลดีเด่น |
| 650 | 0 | 4 | _aพูน เกษจำรัส, 2464-- |
| 650 | 0 | 4 | _aวิบูลย์ เข็มเฉลิม, 2479-- |
| 650 | 0 | 4 | _aสุมน อมรวิวัฒน์, 2475-- |
| 650 | 0 | 4 | _aหน่วยงานดีเด่น |
| 650 | 0 | 4 | _aไทย -- ชีวประวัติ |
| 850 | _aNALT | ||
| 942 | _cGB | ||
| 997 | _c000000000007741 | ||
| 998 | _aNarumon Suwan | ||
| 999 |
_c7741 _d7741 |
||